000 00677nmm a2200205Ia 4500
008 251105s9999||||xx |||||||||||||||||und||
020 _a9788437088815
041 _aspa
100 _aTorró i Abad, Josep
245 0 _aHidráulica agraria y sociedad feudal :
_b Prácticas, técnicas, espacio
264 _a[Madrid, España] :
_bPublicaciones de la Universidad de Valencia (PUV),
_c2012
300 _a286 páginas
490 _aHistoria
650 _aHistory of Europe: Spain
700 _aTorró i Abad, Josep
700 1 _a Guinot Rodríguez, Enric
700 1 _a Guinot Rodríguez, Enric
856 _uhttps://public.digitaliapublishing.com/a/34860
942 _cCF
999 _c72020
_d72020